Statistics for Payday2 loot types

Click here to take the quiz!

General Stats

  • This quiz has been taken 63 times
    (61 since last reset)
  • The average score is 21 of 52

Answer Stats

HintAnswer% Correct
Heavier than the previousGold Bars
100%
Most common lootMoney
100%
Can be grabbed in Border Crossing and cooked onlyMeth
92%
First loot introducedCoke
85%
Framing Frame Day 1Painting
85%
Goat SimulatorGoat
83%
Required in "The Diamond" heistThe Diamond
83%
Required loot in Jewelry Store and Diamond StoreJewelry
69%
Required to complete Day 1 of FirestarterAssault Rifles
60%
Can be found naturally in Shadow RaidServer
60%
Really heavy loot only in Shadow RaidArtifact
58%
Not in Shadow Raid versionArtifact (The Diamond)
58%
the bombBomb Part (The bomb)
56%
Murky StationBomb Part
54%
Only in Hoxton RevengeEvidence
54%
Only in Shadow RaidSamurai Armor
52%
Only in Murky StationPistols
50%
Another name for Coke on Scarface Mansion onlyYayo
50%
CounterfeitCounterfeit Money
48%
MeltdownWarhead
48%
AftershockSafe
44%
Only in Train HeistTurret Part
42%
ToastAlmir's Toast
40%
CloakerCloaker Gold
38%
Stealing XmasExpensive Wine
38%
Diamond but a different colorRed Diamond
38%
"Happy birthday clowns"Present
31%
Only in Border CrossingRoman Armor
31%
DentistThe Dentist's Loot
29%
Only in Train HeistShells
27%
AnimalPig
25%
Vlad's treasure in San Martin BankRomanov Treasure
25%
Stealing XmasVR Headset
25%
Only in Murky StationBattle Rifle
21%
best paintingMasterpiece
21%
Pure CokePure Cocaine
21%
Plural wordDiamonds
19%
Stealing XmasNecklace
19%
HelmetBCI Helmet
17%
tabletBlack Tablet
17%
Locke usually wants itBox
17%
Cursed kill roomCloaker Cocaine
17%
Half of something blueHalf Meth
17%
San Martin Bank onlyFaberge Egg
15%
GiantGiant Toothbrush
15%
Has 4 stagesMaster Server
15%
Stealing XmasTin Boy Toy
15%
Stealing XmasHigh Heels
13%
Framing Frame day 3Old Wine
13%
MountainPrototype
13%
lostLost Artifact
10%
Unintended loot in Border CrossingBreaching Charges
6%

Score Distribution

Percentile by Number Answered

Percent of People with Each Score

Your Score History

You have not taken this quiz since the last reset